Angažovaní zamestnanci

Zamestnanci, ktorých práca baví a napĺňa. Faktory ovplyvňujúce výkonnosť pracovníkov. Blahobyt versus angažovanosť zamestnanca. Rozdiel medzi spokojnosťou a angažovanosťou.

Gespeichert in:
Bibliographische Detailangaben
1. Verfasser: Jarošová, Jana
Format: Buchkapitel
Sprache:Slowakisch
Schlagworte:
Tags: Tag hinzufügen
Keine Tags, Fügen Sie das erste Tag hinzu!

MARC

LEADER 00000naa a2200000 4500
001 0222972
005 20231120131152.4
041 0 |a slo 
044 |a SK 
245 1 0 |a Angažovaní zamestnanci  |c Jana Jarošová 
520 |a Zamestnanci, ktorých práca baví a napĺňa. Faktory ovplyvňujúce výkonnosť pracovníkov. Blahobyt versus angažovanosť zamestnanca. Rozdiel medzi spokojnosťou a angažovanosťou. 
610 2 0 |a kapitál ľudský 
610 2 0 |a zamestnanci 
610 2 0 |a motivácia pracovná 
610 2 0 |a spokojnosť v práci 
100 1 |a Jarošová, Jana